IVANTYŠYNOVÁ, Tatiana - KODAJOVÁ, Daniela a kolektív. Východná dilema strednej Európy

Bibliographic Details
Main Author: Hoptová, Luciána (Author)
Format: Article
Language:Slovak

MARC

LEADER 00000nab a2200000uu 4500
001 vtls011494682
003 SK-MaSNL
005 20260303105236.0
008 230121|2013 xo |||||||||||||||||slo|
015 |a SNBRB 
035 |a (urnnbn)urn:nbn:sk:snk:ar-a09sxe 
035 |a (uuid)0397a283-702d-4d43-9daf-6f2adfb07714 
035 |a urn:nbn:sk:snk-abdiwe 
040 |a SNKBUCL  |b slo  |c SNKBUCL  |e AACR2 
041 0 |a slo 
044 |a xo  |c SK 
100 1 |a Hoptová, Luciána  |4 aut  |9 833927 
245 1 0 |a IVANTYŠYNOVÁ, Tatiana - KODAJOVÁ, Daniela a kolektív. Východná dilema strednej Európy  |c Luciána Hoptová 
773 0 |t Annales historici Presovienses  |g Roč. 13, č. 1 (2013), s. 121-123 
954 |a odborná, vedecká literatúra pôvodná (slovenská)  |2 lita 
958 |a OND 
958 |a EUIPO 
958 |a article18 
999 |c 1862003  |d 1863933